[Event "Deutsche Frauen-Einzelmeisterschaft"]
[Site "Hockenheim/Germany"]
[Date "2009.08.22"]
[Round "1.1"]
[White "Kopylova, Ljubov"]
[Black "Birkholz, Mary"]
[Result "1-0"]
[WhiteElo "2196"]
[BlackElo "1976"]
[PlyCount "68"]
[EventDate "2009.??.??"]
[WhiteTeam "SK Doppelbauer Kiel"]
[BlackTeam "TS Bayreuth"]

1. d4 Nf6 2. c4 g6 3. g3 Bg7 4. Bg2 O-O 5. Nf3 c6 6. Nc3 d6 7. O-O Bf5 8. Nh4
Be6 9. d5 cxd5 10. cxd5 Bd7 11. h3 Na6 12. Kh2 b5 13. a3 b4 14. axb4 Nxb4 15.
e4 a5 16. f4 Ne8 17. Re1 Rc8 18. e5 e6 19. f5 Bxe5 20. Rxe5 dxe5 21. dxe6 fxe6
22. fxg6 Rf2 23. gxh7+ Kxh7 24. Qh5+ Kg8 25. Ne4 Ng7 26. Qh6 Rf5 27. Nxf5 exf5
28. Bg5 Rc6 29. Nf6+ Kf7 30. Rd1 Rxf6 31. Bxf6 Qxf6 32. Rxd7+ Ke6 33. Rd6+ Kxd6
34. Qxf6+ Ne6 1-0

[Event "Deutsche Frauen-Einzelmeisterschaft"]
[Site "Hockenheim/Germany"]
[Date "2009.08.22"]
[Round "1.2"]
[White "Noll, Sonja"]
[Black "Zilberman, Polina"]
[Result "0-1"]
[WhiteElo "1963"]
[BlackElo "2191"]
[PlyCount "82"]
[EventDate "2009.??.??"]
[WhiteTeam "Saarbrücker Gambit 89 e.V."]
[BlackTeam "SK 1879 HD-Handschuhsheim"]

1. Nc3 d5 2. e4 d4 3. Nce2 e5 4. Ng3 Nf6 5. Bc4 Nc6 6. d3 Na5 7. c3 Nxc4 8.
Qa4+ c6 9. dxc4 dxc3 10. Nf3 Bc5 11. O-O O-O 12. b4 Bd4 13. h3 Be6 14. Rd1 b5
15. cxb5 cxb5 16. Qc2 Qb6 17. Bg5 Bc4 18. Nf5 Rfd8 19. N5xd4 exd4 20. e5 d3 21.
Qxc3 Ne4 22. Qe1 Nxg5 23. Nxg5 Qg6 24. Ne4 Rd4 25. f3 Be6 26. Kh2 Rad8 27. Nd6
Bc4 28. Qe3 Rd5 29. a3 Qe6 30. Qg5 f6 31. Qg3 Qxe5 32. Nb7 Re8 33. Nc5 Qxg3+
34. Kxg3 Re2 35. Ne4 d2 36. Nc3 Rg5+ 37. Kf4 Rexg2 38. Ne4 Rd5 39. Ke3 Rd3+ 40.
Kf4 g5+ 41. Kf5 Rxf3# 0-1

[Event "Deutsche Frauen-Einzelmeisterschaft"]
[Site "Hockenheim/Germany"]
[Date "2009.08.22"]
[Round "1.3"]
[White "Vidonyak, Nellya"]
[Black "Kluge, Heidemarie"]
[Result "1-0"]
[WhiteElo "2187"]
[BlackElo "1952"]
[PlyCount "101"]
[EventDate "2009.??.??"]
[WhiteTeam "SV Hockenheim"]
[BlackTeam "Spielgemeinschaft Schachfreunde"]

1. d4 e6 2. Nf3 b6 3. e4 d5 4. Bd3 Bb7 5. e5 c5 6. c3 c4 7. Bc2 Nd7 8. O-O Ne7
9. Ng5 Ng6 10. Qh5 Qe7 11. a4 O-O-O 12. Bxg6 fxg6 13. Qf3 Nxe5 14. dxe5 h6 15.
Nf7 d4 16. Nd6+ Qxd6 17. Qxb7+ Kxb7 18. exd6 Rxd6 19. cxd4 Rxd4 20. Be3 Rd7 21.
Nd2 Be7 22. Nxc4 Bf6 23. Rad1 Rhd8 24. Rxd7+ Rxd7 25. b3 Rd3 26. Rb1 Kc6 27.
Kf1 b5 28. Na5+ Kd7 29. axb5 Rd5 30. Nc4 Rxb5 31. Bxa7 Bc3 32. Ke2 e5 33. Kd3
Bb4 34. Kc2 Ke6 35. Be3 g5 36. f3 g6 37. Bd2 Be7 38. Re1 h5 39. Bc3 Bf6 40.
Nxe5 Bxe5 41. b4 h4 42. Kd3 Rd5+ 43. Kc4 Kd6 44. Bxe5+ Rxe5 45. Rxe5 Kxe5 46.
b5 Kf4 47. b6 g4 48. fxg4 Kxg4 49. b7 h3 50. gxh3+ Kxh3 51. b8=Q 1-0

[Event "Deutsche Frauen-Einzelmeisterschaft"]
[Site "Hockenheim/Germany"]
[Date "2009.08.22"]
[Round "1.4"]
[White "Kickert, Germaine Helene"]
[Black "Von Herman, Brigitte"]
[Result "1-0"]
[WhiteElo "1943"]
[BlackElo "2104"]
[PlyCount "135"]
[EventDate "2009.??.??"]
[WhiteTeam "SK Jever"]
[BlackTeam "SK König Tegel 1949 e.V."]

1. e4 e5 2. Nf3 d6 3. d4 exd4 4. Nxd4 g6 5. Nc3 Bg7 6. Be3 Nc6 7. Qd2 Nf6 8. f3
O-O 9. O-O-O Re8 10. g4 Ne5 11. Be2 a6 12. h4 b5 13. h5 c5 14. Nb3 c4 15. Nd4
b4 16. Nb1 c3 17. bxc3 bxc3 18. Nxc3 Qa5 19. Nb3 Qa3+ 20. Kb1 Nexg4 21. Bd4 Ne5
22. hxg6 hxg6 23. Qg5 Bb7 24. Rh3 Rac8 25. Qc1 Qxc1+ 26. Kxc1 Nh5 27. Na5 Rc7
28. Nxb7 Rxb7 29. Bxa6 Rbb8 30. Nd5 Bh6+ 31. Be3 Bxe3+ 32. Nxe3 Nf4 33. Rh4 g5
34. Rhh1 Rb6 35. Bc4 Reb8 36. Bb3 Nxf3 37. Nc4 Ne2+ 38. Kb2 Ned4 39. Nxb6 Rxb6
40. Rhf1 g4 41. Rf2 Ne6 42. Rg2 Ne5 43. Rdg1 Kg7 44. Rxg4+ Nxg4 45. Rxg4+ Kf6
46. a4 Ke5 47. Kc3 Nc5 48. a5 Ra6 49. Kb4 Nxe4 50. Rxe4+ Kxe4 51. Bxf7 d5 52.
Kb5 Ra8 53. a6 Kd4 54. Bg6 Rb8+ 55. Kc6 Rb2 56. Bd3 Ra2 57. Kb6 Ra3 58. a7 Ra2
59. Ba6 Rb2+ 60. Kc7 Rxc2+ 61. Kd6 Ke3 62. a8=Q d4 63. Qe8+ Kd2 64. Qe2+ Kc1
65. Qe1+ Kb2 66. Qb4+ Kc1 67. Qxd4 Rd2 68. Bd3 1-0

[Event "Deutsche Frauen-Einzelmeisterschaft"]
[Site "Hockenheim/Germany"]
[Date "2009.08.22"]
[Round "1.5"]
[White "Germann, Heike"]
[Black "Stitterich, Nadine"]
[Result "1-0"]
[WhiteElo "2077"]
[BlackElo "1929"]
[PlyCount "115"]
[EventDate "2009.??.??"]
[WhiteTeam "SV Marzahna 57 e.V."]
[BlackTeam "SV Stuttgart-Wolfbusch 1956 e.V."]

1. d4 Nf6 2. c4 g6 3. Nc3 Bg7 4. e4 d6 5. f4 O-O 6. Nf3 c5 7. d5 e6 8. Be2 exd5
9. exd5 Re8 10. O-O Bf5 11. Bd3 Ne4 12. Nxe4 Bxe4 13. Bxe4 Rxe4 14. Ng5 Re7 15.
f5 f6 16. Ne6 Qe8 17. Qf3 Qf7 18. Bf4 Rd7 19. Qg3 Na6 20. Bxd6 Rc8 21. fxg6
Qxg6 22. Rae1 b6 23. Nxg7 Rxg7 24. Qxg6 hxg6 25. Re7 Rxe7 26. Bxe7 f5 27. d6
Nb8 28. Rf3 Nd7 29. Ra3 Ra8 30. Kf2 Kf7 31. Re3 Re8 32. Kf3 a6 33. a4 Rh8 34.
h3 Nf6 35. Bxf6 Kxf6 36. d7 Rd8 37. Rd3 g5 38. Ke3 Ke6 39. h4 gxh4 40. Kf4 a5
41. Kg5 Ke5 42. Rd5+ Ke6 43. Kf4 Kf6 44. Rxf5+ Ke7 45. Rd5 Rf8+ 46. Kg4 Kd8 47.
Kxh4 Rf4+ 48. g4 Rxc4 49. Kg5 Rxa4 50. Kf5 Ra2 51. g5 Rxb2 52. g6 Rg2 53. Kf6
Rf2+ 54. Rf5 Rg2 55. Rg5 Rf2+ 56. Ke6 Rf8 57. g7 Rg8 58. Rf5 1-0

[Event "Deutsche Frauen-Einzelmeisterschaft"]
[Site "Hockenheim/Germany"]
[Date "2009.08.22"]
[Round "1.6"]
[White "Kohls, Vera"]
[Black "Erben, Larissa"]
[Result "1-0"]
[WhiteElo "1904"]
[BlackElo "2073"]
[PlyCount "70"]
[EventDate "2009.??.??"]
[WhiteTeam "Delmenhorster SK V 1931"]
[BlackTeam "SV Stuttgart-Wolfbusch 1956 e.V."]

1. Nf3 d5 2. b3 c5 3. Bb2 Bf5 4. e3 Nc6 5. Bb5 e6 6. Ne5 Qc7 7. O-O Nf6 8. d3
Bd6 9. Bxc6+ bxc6 10. f4 O-O 11. Nd2 Ne8 12. g4 Bg6 13. h4 f6 14. Nxg6 hxg6 15.
Qf3 Qa5 16. Rf2 Nc7 17. a4 Na6 18. Nf1 Nb4 19. Ng3 Rae8 20. Bc3 Qc7 21. Rg2 Qe7
22. d4 e5 23. f5 g5 24. hxg5 fxg5 25. Re1 cxd4 26. exd4 e4 27. Qe2 a5 28. Rf1
c5 29. Nh5 cxd4 30. Bxd4 Bc5 31. Qe3 Bxd4 32. Qxd4 Qe5 33. Qb6 e3 34. Qg6 e2
35. Rxe2 Qd4+ {Time} 1-0

[Event "Deutsche Frauen-Einzelmeisterschaft"]
[Site "Hockenheim/Germany"]
[Date "2009.08.22"]
[Round "1.7"]
[White "Nuber, Helene"]
[Black "Storkebaum, Ulrike"]
[Result "1-0"]
[WhiteElo "2073"]
[BlackElo "1894"]
[PlyCount "61"]
[EventDate "2009.??.??"]
[WhiteTeam "SC Dillingen"]
[BlackTeam "SV 1920 Hofheim"]

1. e4 e5 2. Nf3 Nc6 3. Bc4 Nf6 4. d3 Bc5 5. O-O O-O 6. c3 a5 7. d4 exd4 8. cxd4
Be7 9. e5 Ne4 10. d5 Nb4 11. a3 Na6 12. b4 axb4 13. axb4 Bxb4 14. Bxa6 Bc5 15.
Qc2 Bxf2+ 16. Kh1 Ng3+ 17. hxg3 Bxg3 18. Ng5 g6 19. Nf3 bxa6 20. Qe4 d6 21. e6
Qe7 22. Bg5 f6 23. Bh6 Re8 24. Nd4 f5 25. Nxf5 gxf5 26. Rxf5 Qh4+ 27. Qxh4 Bxh4
28. Ra4 Kh8 29. Rg4 Bxe6 30. Bg7+ Kg8 31. Bd4+ 1-0

[Event "Deutsche Frauen-Einzelmeisterschaft"]
[Site "Hockenheim/Germany"]
[Date "2009.08.22"]
[Round "1.8"]
[White "Hielscher, Ursula"]
[Black "Berglitz, Regina"]
[Result "0-1"]
[WhiteElo "1878"]
[BlackElo "2066"]
[PlyCount "60"]
[EventDate "2009.??.??"]
[WhiteTeam "SK Doppelbauer Kiel"]
[BlackTeam "Hamburger SK von 1830 eV"]

1. d4 d5 2. c4 e6 3. Nc3 Nf6 4. Bg5 Be7 5. e3 O-O 6. Nf3 Nbd7 7. Bd3 dxc4 8.
Bxc4 a6 9. O-O b5 10. Bb3 Bb7 11. Re1 c5 12. dxc5 Rc8 13. Bf4 Nxc5 14. Nd4 Nxb3
15. Nxb3 Qb6 16. e4 Rfd8 17. Qe2 b4 18. Be3 Qc7 19. Na4 Qe5 20. f3 h5 21. g3 h4
22. Bf4 Qh5 23. Nb6 Rc6 24. Nc4 Bc5+ 25. Kh1 hxg3 26. Bxg3 Ba8 27. Ne5 Rcc8 28.
Rac1 Nd7 29. Nxd7 Rxd7 30. Qxa6 Qxf3# 0-1

[Event "Deutsche Frauen-Einzelmeisterschaft"]
[Site "Hockenheim/Germany"]
[Date "2009.08.22"]
[Round "1.9"]
[White "Banisch, Anett"]
[Black "Willrodt, Sonja"]
[Result "1/2-1/2"]
[WhiteElo "2061"]
[BlackElo "1870"]
[PlyCount "59"]
[EventDate "2009.??.??"]
[WhiteTeam "SV Sangerhausen e. V."]
[BlackTeam "SK Doppelbauer Kiel"]

1. e4 e6 2. d4 d5 3. Nd2 Nf6 4. e5 Nfd7 5. Ngf3 c5 6. Nb3 Nc6 7. c3 Be7 8. Be3
O-O 9. dxc5 Ndxe5 10. Nxe5 Nxe5 11. Qh5 Bf6 12. f4 g6 13. Qh3 Nc6 14. g4 Bh4+
15. Bf2 Bxf2+ 16. Kxf2 Qf6 17. Kg3 e5 18. fxe5 Qxe5+ 19. Kf2 Qf4+ 20. Qf3 Qxf3+
21. Kxf3 Ne5+ 22. Kg3 Bxg4 23. Re1 Bf3 24. Rg1 Be4 25. Nd2 f5 26. c4 Rfe8 27.
cxd5 Bxd5 28. Bb5 Bc6 29. Bxc6 Nxc6 30. Nc4 1/2-1/2

[Event "Deutsche Frauen-Einzelmeisterschaft"]
[Site "Hockenheim/Germany"]
[Date "2009.08.22"]
[Round "1.10"]
[White "Franzenburg, Maria"]
[Black "Leveikina, Jevgenija"]
[Result "1/2-1/2"]
[WhiteElo "1803"]
[BlackElo "2042"]
[PlyCount "51"]
[EventDate "2009.??.??"]
[WhiteTeam "SK Doppelbauer Kiel"]
[BlackTeam "Schachklub Herne-Sodingen 1924"]

1. e4 c6 2. d4 d5 3. exd5 cxd5 4. Bd3 Nf6 5. c3 e6 6. Bf4 Nbd7 7. Nf3 Be7 8.
O-O O-O 9. Nbd2 Nh5 10. Be3 f5 11. Ne5 Nhf6 12. Ndf3 a6 13. Bf4 Ne4 14. Nxd7
Bxd7 15. Ne5 Bb5 16. Bxb5 axb5 17. f3 Nd6 18. Re1 Ra6 19. Qb3 Qe8 20. Re2 g5
21. Bg3 f4 22. Bf2 Nf5 23. Rae1 Rf6 24. Ng4 Rg6 25. Ne5 Rf6 26. Ng4 1/2-1/2

[Event "Deutsche Frauen-Einzelmeisterschaft"]
[Site "Hockenheim/Germany"]
[Date "2009.08.22"]
[Round "1.11"]
[White "Niedermaier, Barbara"]
[Black "Gottschall, Ina"]
[Result "1-0"]
[WhiteElo "1995"]
[BlackElo "1693"]
[PlyCount "65"]
[EventDate "2009.??.??"]
[WhiteTeam "SC Uttenreuth"]
[BlackTeam "USV TU Dresden"]

1. e4 e6 2. d4 d5 3. Nd2 Nf6 4. e5 Nfd7 5. Ngf3 c5 6. c3 Nc6 7. Bd3 f6 8. O-O
fxe5 9. Nxe5 Ndxe5 10. dxe5 Ne7 11. Nf3 Qc7 12. Qc2 g6 13. b3 Bd7 14. a4 a5 15.
Qe2 Nc6 16. Bb5 Be7 17. Be3 Nxe5 18. Nxe5 Qxe5 19. Bxd7+ Kxd7 20. Qb5+ Kc8 21.
Bxc5 Bxc5 22. Qxc5+ Kd7 23. Qb5+ Kc7 24. c4 Rhd8 25. Rfe1 Qd6 26. cxd5 Qxd5 27.
Rac1+ Kb8 28. Qe2 Re8 29. Red1 Qxb3 30. Qe5+ Ka7 31. Rb1 Rad8 32. Qxa5+ Kb8 33.
Rxd8+ 1-0

[Event "Deutsche Frauen-Einzelmeisterschaft"]
[Site "Hockenheim/Germany"]
[Date "2009.08.23"]
[Round "2.1"]
[White "Nuber, Helene"]
[Black "Kopylova, Ljubov"]
[Result "1-0"]
[WhiteElo "2073"]
[BlackElo "2196"]
[PlyCount "79"]
[EventDate "2009.??.??"]
[WhiteTeam "SC Dillingen"]
[BlackTeam "SK Doppelbauer Kiel"]

1. e4 c5 2. Nc3 Nc6 3. Bb5 Nd4 4. Bc4 e6 5. Nf3 a6 6. d3 b5 7. Bb3 Bb7 8. Nxd4
cxd4 9. Ne2 e5 10. O-O d5 11. f4 Nh6 12. fxe5 Ng4 13. Nf4 Qh4 14. h3 Nxe5 15.
Nxd5 Bd6 16. Bf4 O-O 17. Qe1 Qxe1 18. Raxe1 Bxd5 19. Bxd5 Rac8 20. Re2 Rc7 21.
Ref2 h6 22. Bh2 g6 23. Rf6 Rxc2 24. Rxd6 Nxd3 25. Rxg6+ Kh7 26. Rxa6 Rxb2 27.
Bd6 Rg8 28. Rxf7+ Rg7 29. Rxg7+ Kxg7 30. Ra3 Rd2 31. e5 Nf4 32. Rg3+ Kh8 33.
Bf3 d3 34. Kh2 Rf2 35. e6 Ng6 36. Rxg6 d2 37. Be5+ Kh7 38. Rg7+ Kh8 39. Rg3+
Kh7 40. Be4+ 1-0

[Event "Deutsche Frauen-Einzelmeisterschaft"]
[Site "Hockenheim/Germany"]
[Date "2009.08.23"]
[Round "2.2"]
[White "Zilberman, Polina"]
[Black "Niedermaier, Barbara"]
[Result "1-0"]
[WhiteElo "2191"]
[BlackElo "1995"]
[PlyCount "65"]
[EventDate "2009.??.??"]
[WhiteTeam "SK 1879 HD-Handschuhsheim"]
[BlackTeam "SC Uttenreuth"]

1. e4 c5 2. c3 d6 3. Nf3 g6 4. d4 cxd4 5. cxd4 Bg7 6. h3 Nf6 7. Nc3 O-O 8. Bd3
Nc6 9. O-O a6 10. Be3 h6 11. Qd2 Kh7 12. Rac1 b5 13. a4 Na5 14. Qe2 Bb7 15. Nd2
Nc4 16. Nxc4 bxc4 17. Bb1 Rc8 18. f4 Nh5 19. Kh2 e5 20. fxe5 dxe5 21. d5 Bf6
22. g3 Bg5 23. Rf2 Nxg3 24. Kxg3 Bh4+ 25. Kh2 Bxf2 26. Qxf2 Qd6 27. Rg1 Qe7 28.
Bc2 f6 29. Ne2 Rf7 30. Ng3 c3 31. b3 Rg7 32. Bxh6 Kxh6 33. Nf5+ 1-0

[Event "Deutsche Frauen-Einzelmeisterschaft"]
[Site "Hockenheim/Germany"]
[Date "2009.08.23"]
[Round "2.3"]
[White "Berglitz, Regina"]
[Black "Vidonyak, Nellya"]
[Result "1-0"]
[WhiteElo "2066"]
[BlackElo "2187"]
[PlyCount "65"]
[EventDate "2009.??.??"]
[WhiteTeam "Hamburger SK von 1830 eV"]
[BlackTeam "SV Hockenheim"]

1. e4 d5 2. exd5 Qxd5 3. Nc3 Qd6 4. d4 Nf6 5. Nf3 c6 6. Bc4 Bg4 7. Be3 e6 8. h3
Bh5 9. g4 Bg6 10. Ne5 Nbd7 11. Nxg6 hxg6 12. Qe2 Nd5 13. Nxd5 cxd5 14. Bd3 Qc7
15. O-O-O Bd6 16. Kb1 a6 17. c4 dxc4 18. Bxc4 b5 19. Bb3 Qb7 20. Bg5 Kf8 21. d5
e5 22. Qf3 a5 23. Bc2 Kg8 24. h4 Nc5 25. h5 Ne6 26. Be3 g5 27. Qf5 Nf4 28. Qxg5
Nxd5 29. h6 f6 30. Qg6 Nxe3 31. fxe3 Ra7 32. Qe8+ Bf8 33. h7+ 1-0

[Event "Deutsche Frauen-Einzelmeisterschaft"]
[Site "Hockenheim/Germany"]
[Date "2009.08.23"]
[Round "2.4"]
[White "Kickert, Germaine Helene"]
[Black "Germann, Heike"]
[Result "1/2-1/2"]
[WhiteElo "1943"]
[BlackElo "2077"]
[PlyCount "28"]
[EventDate "2009.??.??"]
[WhiteTeam "SK Jever"]
[BlackTeam "SV Marzahna 57 e.V."]

1. e4 c5 2. Nf3 Nc6 3. d4 cxd4 4. Nxd4 g6 5. Be3 Bg7 6. Bc4 Nf6 7. Nc3 O-O 8.
Be2 d6 9. O-O Bd7 10. f3 Qa5 11. Qd2 Rfc8 12. Rac1 Nxd4 13. Bxd4 Bc6 14. b3 Nd7
1/2-1/2

[Event "Deutsche Frauen-Einzelmeisterschaft"]
[Site "Hockenheim/Germany"]
[Date "2009.08.23"]
[Round "2.6"]
[White "Willrodt, Sonja"]
[Black "Franzenburg, Maria"]
[Result "1/2-1/2"]
[WhiteElo "1870"]
[BlackElo "1803"]
[PlyCount "38"]
[EventDate "2009.??.??"]
[WhiteTeam "SK Doppelbauer Kiel"]
[BlackTeam "SK Doppelbauer Kiel"]

1. c4 f5 2. Nc3 e5 3. d3 g6 4. e4 d6 5. Nf3 c6 6. d4 fxe4 7. Ng5 d5 8. cxd5
cxd5 9. dxe5 Bb4 10. Qd4 Nc6 11. Bb5 Bxc3+ 12. Qxc3 Nge7 13. e6 d4 14. Qc5 O-O
15. Nxe4 Bxe6 16. Bc4 Bxc4 17. Qxc4+ Qd5 18. Qxd5+ Nxd5 19. O-O b6 1/2-1/2

[Event "Deutsche Frauen-Einzelmeisterschaft"]
[Site "Hockenheim/Germany"]
[Date "2009.08.23"]
[Round "2.7"]
[White "Von Herman, Brigitte"]
[Black "Banisch, Anett"]
[Result "1-0"]
[WhiteElo "2104"]
[BlackElo "2061"]
[PlyCount "59"]
[EventDate "2009.??.??"]
[WhiteTeam "SK König Tegel 1949 e.V."]
[BlackTeam "SV Sangerhausen e. V."]

1. e4 e6 2. d4 d5 3. Nc3 Bb4 4. e5 c5 5. Bd2 Qc7 6. Nb5 Qe7 7. c3 Ba5 8. Nd6+
Kd8 9. dxc5 Nc6 10. f4 f6 11. Nf3 Bc7 12. Bb5 Nb8 13. O-O a6 14. Bd3 b6 15. Be3
Nd7 16. Nd4 Nb8 17. b4 bxc5 18. bxc5 Bd7 19. Qe2 Nh6 20. c4 Nf5 21. Bxf5 exf5
22. N4xf5 Bxf5 23. Nxf5 Qe6 24. Nd4 Qe7 25. cxd5 Qd7 26. d6 Ba5 27. Qf3 Qa7 28.
Rab1 Ke8 29. Rb7 Qxc5 30. Re7+ 1-0

[Event "Deutsche Frauen-Einzelmeisterschaft"]
[Site "Hockenheim/Germany"]
[Date "2009.08.23"]
[Round "2.8"]
[White "Erben, Larissa"]
[Black "Stitterich, Nadine"]
[Result "1/2-1/2"]
[WhiteElo "2073"]
[BlackElo "1929"]
[PlyCount "100"]
[EventDate "2009.??.??"]
[WhiteTeam "SV Stuttgart-Wolfbusch 1956 e.V."]
[BlackTeam "SV Stuttgart-Wolfbusch 1956 e.V."]

1. e4 e5 2. Nf3 Nc6 3. Bb5 Nf6 4. O-O a6 5. Ba4 b5 6. Bb3 Be7 7. Re1 d6 8. c3
Na5 9. Bc2 c5 10. d4 Nd7 11. Nbd2 cxd4 12. cxd4 Nc6 13. d5 Na5 14. Nf1 O-O 15.
Ng3 Nb6 16. b3 Nb7 17. Be3 Bf6 18. Qe2 g6 19. Rec1 Bg7 20. Bd3 f5 21. Bg5 Qe8
22. Bd2 Nc5 23. Bb4 Nxd5 24. Bxc5 dxc5 25. Rxc5 Nf4 26. Qc2 Nxd3 27. Qxd3 Bb7
28. Re1 f4 29. Ne2 Rc8 30. Rec1 Qe7 31. Rxc8 Rxc8 32. Rxc8+ Bxc8 33. Nc3 Qd7
34. Qxd7 Bxd7 35. Kf1 h6 36. Ke2 Kf7 37. Nd5 a5 38. Kd3 g5 39. h3 Ke6 40. Nb6
Bc6 41. a4 Bf8 42. axb5 Bxb5+ 43. Nc4 Bd6 44. Nfd2 Bb4 45. Nb1 Be1 46. f3 Bb4
47. Nc3 Bxc4+ 48. Kxc4 Bxc3 49. Kxc3 Kd6 50. b4 a4 1/2-1/2

[Event "Deutsche Frauen-Einzelmeisterschaft"]
[Site "Hockenheim/Germany"]
[Date "2009.08.23"]
[Round "2.9"]
[White "Birkholz, Mary"]
[Black "Storkebaum, Ulrike"]
[Result "1-0"]
[WhiteElo "1976"]
[BlackElo "1894"]
[PlyCount "83"]
[EventDate "2009.??.??"]
[WhiteTeam "TS Bayreuth"]
[BlackTeam "SV 1920 Hofheim"]

1. e4 e5 2. Nf3 Nc6 3. d4 exd4 4. Nxd4 Bc5 5. Nxc6 Qf6 6. Qd2 Qxc6 7. Bd3 Nf6
8. O-O O-O 9. Qf4 d6 10. Kh1 a6 11. Nc3 Be6 12. Qh4 Bd4 13. Ne2 Bb6 14. b3 Rae8
15. Bb2 Ng4 16. f4 Ne3 17. Rf3 f5 18. Qg3 g6 19. Rxe3 Bxe3 20. Qxe3 Qc5 21.
Qxc5 dxc5 22. Be5 fxe4 23. Bxe4 c6 24. h3 Rd8 25. c4 Rd7 26. Ng3 Rd2 27. Kg1
Rfd8 28. Bf3 a5 29. Ne4 R2d3 30. Nxc5 Rxf3 31. Nxe6 Re8 32. gxf3 Rxe6 33. Rd1
Re7 34. Kf2 Kf7 35. h4 h6 36. Rd6 g5 37. Rxh6 gxh4 38. Rxh4 Kg6 39. Ke3 Rd7 40.
Rg4+ Kf5 41. Rg5+ Ke6 42. Rg6+ 1-0

[Event "Deutsche Frauen-Einzelmeisterschaft"]
[Site "Hockenheim/Germany"]
[Date "2009.08.23"]
[Round "2.10"]
[White "Gottschall, Ina"]
[Black "Noll, Sonja"]
[Result "0-1"]
[WhiteElo "1693"]
[BlackElo "1963"]
[PlyCount "58"]
[EventDate "2009.??.??"]
[WhiteTeam "USV TU Dresden"]
[BlackTeam "Saarbrücker Gambit 89 e.V."]

1. d4 Nc6 2. Nf3 d5 3. c4 Bg4 4. Nc3 Bxf3 5. exf3 dxc4 6. d5 Ne5 7. Bxc4 Nxc4
8. Qa4+ Qd7 9. Qxc4 Nf6 10. Bf4 O-O-O 11. Rd1 Ne8 12. Be3 Nd6 13. Qd3 a6 14.
Ne4 Rg8 15. O-O g6 16. b3 Bg7 17. a4 Qf5 18. g4 Qxf3 19. Nxd6+ Rxd6 20. Qc4 Be5
21. Rc1 Rxd5 22. Rc2 Rgd8 23. Qe2 Qxe2 24. Rxe2 Rd1 25. f4 Rxf1+ 26. Kxf1 Rd1+
27. Kf2 Bd6 28. Bd2 c5 29. Re3 Rxd2+ 0-1

[Event "Deutsche Frauen-Einzelmeisterschaft"]
[Site "Hockenheim/Germany"]
[Date "2009.08.23"]
[Round "2.11"]
[White "Kluge, Heidemarie"]
[Black "Hielscher, Ursula"]
[Result "0-1"]
[WhiteElo "1952"]
[BlackElo "1878"]
[PlyCount "92"]
[EventDate "2009.??.??"]
[WhiteTeam "Spielgemeinschaft Schachfreunde"]
[BlackTeam "SK Doppelbauer Kiel"]

1. d4 d5 2. Bf4 Nf6 3. e3 e6 4. Bd3 Nbd7 5. Nd2 c5 6. c3 Be7 7. Rc1 b6 8. h3
O-O 9. Ne2 Bb7 10. Bb1 Rc8 11. g4 h6 12. Qc2 Re8 13. h4 Nf8 14. f3 Bd6 15. Kf2
cxd4 16. exd4 Bxf4 17. Nxf4 e5 18. dxe5 Rxe5 19. Rh3 Qe7 20. Nb3 Re8 21. Nd4
Re1 22. Rh1 Rxh1 23. Rxh1 Qe3+ 24. Kg3 Ne4+ 25. Kg2 Qxf4 26. Ne2 Qe5 27. fxe4
dxe4 28. Rf1 Ng6 29. h5 Nh4+ 30. Kh3 Nf3 31. Ng3 Ng5+ 32. Kh4 g6 33. hxg6 fxg6
34. Qb3+ Bd5 35. Qb5 Nf7 36. Qd7 Qg5+ 37. Kh3 Re7 38. Qc8+ Kg7 39. c4 Be6 40.
Qb8 Qxg4+ 41. Kg2 Qh3+ 42. Kf2 e3+ 43. Ke1 Qg2 44. Rxf7+ Bxf7 45. Qd6 Qg1+ 46.
Nf1 Qf2+ 0-1

[Event "Deutsche Frauen-Einzelmeisterschaft"]
[Site "Hockenheim/Germany"]
[Date "2009.08.23"]
[Round "2.5"]
[White "Leveikina, Jevgenija"]
[Black "Kohls, Vera"]
[Result "1-0"]
[WhiteElo "2042"]
[BlackElo "1904"]
[PlyCount "56"]
[EventDate "2009.??.??"]
[WhiteTeam "Schachklub Herne-Sodingen 1924"]
[BlackTeam "Delmenhorster SK V 1931"]

1. d4 Nf6 2. Nf3 e6 3. g3 b6 4. Bg2 Bb7 5. O-O Be7 6. c4 d6 7. Nc3 Nbd7 8. Qc2
e5 9. dxe5 Nxe5 10. Nxe5 Bxg2 11. Nxf7 Kxf7 12. Kxg2 Rf8 13. Nd5 Kg8 14. Bd2
Qd7 15. e4 Rae8 16. f3 Bd8 17. Bc3 Qc6 18. Qd3 Nd7 19. Nb4 Qc5 20. Qd5+ Kh8 21.
Nd3 Qe3 22. Rae1 Qh6 23. e5 Rf5 24. exd6 Ref8 25. Qe6 Nf6 26. Qxf5 cxd6 27. Qh3
Qg6 28. Nf4 h6 1-0

[Event "Deutsche Frauen-Einzelmeisterschaft"]
[Site "Hockenheim/Germany"]
[Date "2009.08.24"]
[Round "3.1"]
[White "Zilberman, Polina"]
[Black "Nuber, Helene"]
[Result "1-0"]
[WhiteElo "2191"]
[BlackElo "2073"]
[PlyCount "57"]
[EventDate "2009.??.??"]
[WhiteTeam "SK 1879 HD-Handschuhsheim"]
[BlackTeam "SC Dillingen"]

1. e4 e5 2. Nf3 Nf6 3. Nxe5 d6 4. Nf3 Nxe4 5. Nc3 Nxc3 6. dxc3 Nc6 7. Be3 Bg4
8. h3 Be6 9. Ng5 Qd7 10. Nxe6 fxe6 11. Qh5+ g6 12. Qb5 O-O-O 13. O-O-O a6 14.
Qa4 Nb8 15. Qb3 Bg7 16. Be2 Rde8 17. Rhe1 h5 18. Bf3 d5 19. Be4 Qf7 20. Rxd5
exd5 21. Bxd5 Rxe3 22. fxe3 Qf2 23. Bxb7+ Kd8 24. Rd1+ Ke7 25. Qb4+ Kf6 26.
Qd4+ Kg5 27. Qxg7 Qxe3+ 28. Kb1 Rd8 29. h4+ 1-0

[Event "Deutsche Frauen-Einzelmeisterschaft"]
[Site "Hockenheim/Germany"]
[Date "2009.08.24"]
[Round "3.2"]
[White "Germann, Heike"]
[Black "Berglitz, Regina"]
[Result "1/2-1/2"]
[WhiteElo "2077"]
[BlackElo "2066"]
[PlyCount "93"]
[EventDate "2009.??.??"]
[WhiteTeam "SV Marzahna 57 e.V."]
[BlackTeam "Hamburger SK von 1830 eV"]

1. d4 d5 2. c4 e6 3. Nc3 Be7 4. Nf3 Nf6 5. Bg5 O-O 6. e3 Nbd7 7. Qc2 a6 8.
O-O-O dxc4 9. Bxc4 b5 10. Bd3 h6 11. h4 Bb7 12. Kb1 Rc8 13. Bxf6 Nxf6 14. Ne4
Nxe4 15. Bxe4 Bxe4 16. Qxe4 Qd5 17. Qxd5 exd5 18. Rc1 Bd6 19. Rc6 Ra8 20. Rhc1
Rfe8 21. Ne1 f5 22. g3 g5 23. hxg5 hxg5 24. Nd3 a5 25. Nc5 f4 26. gxf4 gxf4 27.
Nb7 Bb4 28. Rxc7 fxe3 29. fxe3 Rxe3 30. a3 Be7 31. Rc8+ Rxc8 32. Rxc8+ Kf7 33.
Nxa5 Re4 34. Nb3 Bf6 35. Rc5 b4 36. Rxd5 bxa3 37. bxa3 Ke6 38. Rc5 Bxd4 39.
Nxd4+ Rxd4 40. Kb2 Kd6 41. Rc3 Rd5 42. Kb3 Rc5 43. Rh3 Kc7 44. Kb4 Rg5 45. a4
Kb6 46. Rh6+ Ka7 47. a5 1/2-1/2

[Event "Deutsche Frauen-Einzelmeisterschaft"]
[Site "Hockenheim/Germany"]
[Date "2009.08.24"]
[Round "3.3"]
[White "Leveikina, Jevgenija"]
[Black "Kickert, Germaine Helene"]
[Result "1/2-1/2"]
[WhiteElo "2042"]
[BlackElo "1943"]
[PlyCount "80"]
[EventDate "2009.??.??"]
[WhiteTeam "Schachklub Herne-Sodingen 1924"]
[BlackTeam "SK Jever"]

1. Nf3 Nf6 2. c4 c5 3. Nc3 Nc6 4. g3 b6 5. Bg2 Bb7 6. O-O g6 7. e3 Na5 8. d3
Bg7 9. e4 O-O 10. h3 h6 11. Be3 e6 12. Qd2 Kh7 13. Nh2 d5 14. cxd5 exd5 15.
exd5 Nxd5 16. Nxd5 Bxd5 17. Bxc5 bxc5 18. Bxd5 Qxd5 19. Qxa5 Bxb2 20. Rab1 Bd4
21. Qd2 h5 22. Rfe1 Rfd8 23. Nf1 Bg7 24. Qc2 Qxd3 25. Qxc5 Bd4 26. Qe7 Qf5 27.
Qe2 Qxh3 28. Qf3 Qf5 29. Qxf5 gxf5 30. Rb7 Kg6 31. Ree7 Rf8 32. Ne3 Rac8 33.
Rb5 Rc5 34. Rxc5 Bxc5 35. Re5 Bd4 36. Rd5 Bxe3 37. fxe3 Re8 38. Kf2 Re7 39. Kf3
Rb7 40. Ra5 Rd7 1/2-1/2